LEGO Marvel Super Heroes: Spider-Man Villains Minifigures by Picture - Statistics

General Stats
  • This quiz has been taken 116 times
  • The average score is 23 of 28
Answer Stats
Picture Answer % Correct
Doctor Doom/Victor von Doom
95%
Doctor Octopus/Otto Octavius
95%
Carnage/Cletus Kasady
94%
Green Goblin/Norman Osborn
94%
Rhino/Aleksei Sytsevich
94%
Black Cat/Felicia Hardy
93%
Mysterio/Quentin Beck
92%
Sandman/Flint Marko
92%
Venom/Eddie Brock
91%
Electro/Francine Frye
89%
Kraven the Hunter/Sergei Kravinoff
89%
Doctor Octopus/Carolyn Trainer
86%
Lizard/Curt Connors
86%
Scorpion/Mac Gargan
86%
Vulture/Adrian Toomes
86%
Electro/Max Dillon
83%
John Jonah Jameson Jr.
83%
Hobgoblin/Roderick Kingsley
78%
Taskmaster/Anthony Masters
74%
Beetle/Abner Jenkins
72%
Morbius the Living Vampire/Michael Morbius
71%
Scarlet Spider/Ben Reilly
70%
Crossbones/Brock Rumlow
69%
Hydro-Man/Morris Bench
63%
Arnim Zola
61%
Shocker/Herman Schultz
60%
Harry Osborn
55%
Klaw/Ulysses Klaue
51%
No matching quizzes found
Score Distribution
Percent of People with Each Score
Percentile by Number Answered
Your Score History
You have not taken this quiz